000 00792nam a2200229Ii 4500
003 JO-AjNU
008 230605s9999||||xx |||||||||||||| ||und||
017 _a2010/9/3666
040 _aJO-AjNU
_bara
_erda
_cJO-AjNU
041 _aara
050 1 4 _aLB 15 .A456 2011
100 3 _aعلي، محمد السيد,
_eauthor
_931526
245 0 0 _aموسوعة المصطلحات التربوية = Encyclopedia of Educational Terms
250 _aالطبعة الأولى
264 3 1 _aعمان: دار المسيرة، 2011
300 _a448ص
336 _atext
_btxt
_2rdacontent
337 _aunmediated
_bn
_2rdamedia
338 _avolume
_bnc
_2rdacarrier
490 0 _aموسوعة المصطلخات التربوية
650 4 _a التعليم -- معجم مصطلحات 
_931527
999 _aA12619
_c16187
_d16187